Vista normal Vista MARC

Entrada Personal Name

Número de registros utilizados en: 1

001 - CONTROL NUMBER

  • control field: 62253

003 - CONTROL NUMBER IDENTIFIER

  • control field: OSt

005 - DATE AND TIME OF LATEST TRANSACTION

  • control field: 20250814191455.0

008 - FIXED-LENGTH DATA ELEMENTS

  • fixed length control field: 250814|| aca||aabn | a|a d

040 ## - CATALOGING SOURCE

  • Original cataloging agency: OSt
  • Transcribing agency: OSt

100 ## - HEADING--PERSONAL NAME

  • Personal name: Amar Amar, José

670 ## - SOURCE DATA FOUND

  • Source citation: Work cat.: (OSt)58022: Amar Amar, José, autor., Prácticas de cuidado infantil y hábitos de vida saludables :









Instituto Departamental de Cultura del Meta - Red Departamental de Bibliotecas Públicas del Meta.